LEADER 01021nam0-22003131i-450- 001 990006984080403321 005 20061204110708.0 010 $a2-85121-151-X 035 $a000698408 035 $aFED01000698408 035 $a(Aleph)000698408FED01 035 $a000698408 100 $a20011025d1996----km-y0itay50------ba 101 0 $afre 105 $ay-------001yy 200 1 $aSaint Augustin lecteur et interpréte de Saint Paul$edans le De peccatorum meritis et remissione$e(hiver 411-412)$fBruno Delaroche 210 $aParis$cInstitut d'Études Augustiniennes$d1996 215 $a408 p.$d25 cm 225 1 $aCollection des études augustiniennes$iAntiquité$v146 610 0 $aCRISTIANESIMO$aStoria$aOrigini 676 $a270.1$v21$zita 700 1$aDelaroche,$bBruno$0256997 801 0$aIT$bUNINA$gRICA$2UNIMARC 901 $aBK 912 $a990006984080403321 952 $a270.1 CEA 3$fFLFBC 959 $aFLFBC 996 $aSaint Augustin lecteur et interpréte de Saint Paul$9700958 997 $aUNINA LEADER 02244nam 2200589 450 001 9910466926503321 005 20200520144314.0 010 $a0-8165-3224-9 035 $a(CKB)3790000000033283 035 $a(EBL)3440642 035 $a(SSID)ssj0001545643 035 $a(PQKBManifestationID)16136202 035 $a(PQKBTitleCode)TC0001545643 035 $a(PQKBWorkID)14438067 035 $a(PQKB)11715511 035 $a(MiAaPQ)EBC3440642 035 $a(OCoLC)916580576 035 $a(MdBmJHUP)muse46142 035 $a(Au-PeEL)EBL3440642 035 $a(CaPaEBR)ebr11085871 035 $a(CaONFJC)MIL821231 035 $a(EXLCZ)993790000000033283 100 $a20150822h20152015 uy 0 101 0 $aeng 135 $aurunu---uuuuu 181 $ctxt 182 $cc 183 $acr 200 10$aCapturing the landscape of New Spain $eBaltasar Obrego?n and the 1564 Ibarra Expedition /$fRebecca A. Carte 210 1$aTuczon, [Arizona] :$cThe University of Arizona Press,$d2015. 210 4$d©2015 215 $a1 online resource (180 p.) 225 1 $aSouthwest Center Series 300 $aDescription based upon print version of record. 311 1 $a0-8165-3142-0 320 $aIncludes bibliographical references and index. 327 $aIntroduction -- Taking place -- "Lo que hay en esta tierra" -- Multiple landscapes, multiple frontiers -- (Re)producing social space and textualscapes -- Conclusion. 330 $a"This monograph sheds new light on Spanish exploration and expansion in the regions of present-day Durango, Sonora, Chihuahua, Arizona, and New Mexico in the sixteenth century by providing a detailed analysis of an important yet woefully understudied text"--Provided by publisher. 410 0$aSouthwest Center series. 606 $aLandscapes in literature 607 $aMexico$xDescription and travel 607 $aNew Spain$xDiscovery and exploration 608 $aElectronic books. 615 0$aLandscapes in literature. 676 $a972/.02 700 $aCarte$b Rebecca A.$0970180 801 0$bMiAaPQ 801 1$bMiAaPQ 801 2$bMiAaPQ 912 $a9910466926503321 996 $aCapturing the landscape of New Spain$92205178 997 $aUNINA LEADER 02038nam 2200433Ia 450 001 996390531303316 005 20200824132104.0 035 $a(CKB)1000000000656019 035 $a(EEBO)2240914799 035 $a(OCoLC)ocm23056287e 035 $a(OCoLC)23056287 035 $a(EXLCZ)991000000000656019 100 $a19910204d1585 uy | 101 0 $aeng 135 $aurbn||||a|bb| 200 12$aA booke of Christian exercise, appertaining to resolution, that is, shewing how that we should resolve our selves to become Christians in deed$b[electronic resource] /$fby R.P. ; perused, and accompanied now with a treatise tending to pacification, by Edm. Bunny 210 $a[London?] $cPrinted for Iohn Wight$d1585 215 $a[22], 390, [4], 113 p 300 $a"A Protestant adaptation."--STC (2nd ed.). 300 $aSignatures: Aâ¸(-A1) B-2K⸠2L². 300 $aNumerous errors in paging. 300 $aTitle in ornamental border. 300 $aIncludes marginal notes. 300 $aTreatise has separate pagination and special t.p.: A treatise tending to pacification, by laboring those that are our adversaries in the cause of religion, to receaue the Gospel, and to ioyne with vs in profession therof / by Edmund Bunny. 300 $aImperfect: lacking signatures D-G (p. 25-88) and possibly lacking signature A2; stained and tightly bound with loss of print. 300 $aReproduction of original in the British Library. 320 $aIncludes bibliographical references. 330 $aeebo-0018 606 $aChristian life$xCatholic authors 615 0$aChristian life$xCatholic authors. 700 $aParsons$b Robert$f1546-1610.$0138049 701 2$aBunny$b Edmund$f1540-1619.$01002895 801 0$bEBL 801 1$bEBL 801 2$bWaOLN 906 $aBOOK 912 $a996390531303316 996 $aA booke of Christian exercise, appertaining to resolution, that is, shewing how that we should resolve our selves to become Christians in deed$92373985 997 $aUNISA